[Event "27th CRO-chT 1B-Men 2018"]
[Site "Biograd"]
[Date "2018.09.17"]
[Round "1"]
[White "Matkovic, Tonci"]
[Black "Ivekovic, Zvonimir"]
[Result "1-0"]
[WhiteElo "2274"]
[BlackElo "2424"]
[Annotator "TA"]
[PlyCount "79"]
[EventDate "2018.09.15"]
[EventType "team-tourn"]
[EventCountry "CRO"]
[SourceTitle "playchess.com"]
[Source "ChessBase"]
[SourceQuality "1"]

{[%evp 17,79,20,42,18,42,34,40,21,22,11,44,6,9,17,35,12,38,48,52,52,152,50,91,91,91,82,91,79,87,70,80,72,88,87,93,87,123,109,123,106,89,93,222,200,491,481,518,500,484,428,714,723,908,870,758,739,29986,29987,29991,29992,29992,1400,2388,1093]} 1. e4 c5 2. c4 e6 3. Nc3 a6 4. g3 Nc6 {[%cal Bb8c6,Bc6d4,Bd4e2][%mdl 32]} 5. d3 g6 6. Bg2 Bg7 7. Nge2 Nge7 8. O-O O-O 9. Rb1 Nd4 10. a3 {A36: Symmetrical English vs ...g6: 4 Bg2 Bg7} Nxe2+ (10... Ra7 11. b4 b6 12. Be3 d6 13. Qd2 Re8 14. Bh6 Bh8 15. Nxd4 cxd4 16. Ne2 e5 {1-0 (60) Barcenilla,R (2457)-Miciano,J (2212) Manila 2017}) 11. Nxe2 d5 12. b4 $146 {White is slightly better.} ({Predecessor:} 12. Qc2 d4 13. b4 cxb4 14. axb4 e5 15. f4 f5 16. fxe5 fxe4 17. Rxf8+ Qxf8 18. Bxe4 Bxe5 {1-0 (28) Garcia,D (1880)-Castrillon Gomez,M (1946) Bogota 2009}) 12... dxc4 13. dxc4 Qc7 14. Qc2 cxb4 15. axb4 Bd7 16. Be3 {[%cal Bc1e3,Be3c5,Bc5d6][%mdl 32]} Rac8 17. Rfc1 Nc6 18. f4 Bh6 (18... Ne7 $14) 19. Qb3 (19. b5 $16) 19... Ne7 20. Bc5 Rfe8 21. e5 Bc6 22. Bd6 Qd7 23. Nd4 Bxg2 24. Kxg2 Nc6 25. Nf3 Bf8 26. Rd1 $36 {[%mdl 2048] Black is under strong pressure.} Bxd6 27. Rxd6 Qc7 28. Rbd1 Ne7 {[#]} 29. c5 $1 Nf5 {[#]} (29... Nd5 $16) 30. g4 $1 $18 {[%cal Rg4f5]} Nxd6 $2 (30... Nh6 31. h3 a5) 31. exd6 Qd7 32. Ne5 Qb5 {Strongly threatening ...Rxc5!} 33. d7 Qe2+ (33... a5 $142 34. Rb1 Rf8 35. dxc8=N Rxc8 36. bxa5 Qe2+ 37. Kh3 Rxc5 38. Nxf7 Rc2 39. Nh6+ Kf8 40. Qb4+ Ke8) 34. Kg3 g5 35. dxe8=Q+ Rxe8 36. Qf3 gxf4+ 37. Qxf4 f6 {[#]} 38. Qxf6 $1 {[%mdl 512]} Qe3+ 39. Nf3 (39. Kh4 $142 Rf8 40. Qxe6+ Kh8 41. Nf7+ Rxf7 42. Qxe3 Kg8 43. Qg5+ Rg7 44. Rd8+ Kf7 45. Rd7+ Kg8 46. Qxg7#) 39... Rf8 40. Qg5+ {Precision: White = 58%, Black = 22%.} 1-0

[Event "27th CRO-chT 1B-Men 2018"]
[Site "Biograd"]
[Date "2018.09.17"]
[Round "1"]
[White "Jusic, Zdenko"]
[Black "Brulic, Denis"]
[Result "1-0"]
[WhiteElo "2261"]
[BlackElo "2232"]
[Annotator "ChessBase"]
[PlyCount "95"]
[EventDate "2018.09.15"]
[EventType "team-tourn"]
[EventCountry "CRO"]
[SourceTitle "playchess.com"]
[Source "ChessBase"]
[SourceQuality "1"]
[TimeControl "40/5400+30:1800+30"]

1. e4 c5 2. Nf3 g6 3. c3 Bg7 4. d4 cxd4 5. cxd4 d5 6. e5 Nc6 7. h3 e6 8. Nc3 Nge7 9. g4 f6 10. exf6 Bxf6 11. Be3 O-O 12. Bg2 Qd6 13. O-O Bd7 14. Qd2 Bg7 15. Rfe1 Kh8 16. Bh6 Rf7 17. Bxg7+ Kxg7 18. Re3 Raf8 19. Ne2 h6 20. Ng3 Rf4 21. a3 Qc7 22. b4 Qb6 23. Ne2 R4f6 24. Rc1 Nc8 25. Rc5 Nd6 26. Ne5 Be8 27. f4 a6 28. Qe1 Nb5 29. Nxc6 Bxc6 30. Qh4 Qd8 31. g5 hxg5 32. fxg5 R6f7 33. Qh6+ Kg8 34. Qxg6+ Kh8 35. Qh5+ Rh7 36. Qg4 Bd7 37. Qg3 Rf5 38. h4 b6 39. Rc1 e5 40. Rxe5 Re7 41. Nf4 Rexe5 42. dxe5 Nd4 43. Re1 b5 44. e6 Be8 45. Kh2 Nc2 46. Bh3 Rxf4 47. Qxf4 Nxe1 48. Qf8+ 1-0

[Event "27th CRO-chT 1B-Men 2018"]
[Site "Biograd"]
[Date "2018.09.17"]
[Round "1"]
[White "Pucovski, Miroslav"]
[Black "Tomulic, Teo"]
[Result "1-0"]
[WhiteElo "2241"]
[BlackElo "2264"]
[Annotator "TA"]
[PlyCount "103"]
[EventDate "2018.09.15"]
[EventType "team-tourn"]
[EventCountry "CRO"]
[SourceTitle "playchess.com"]
[Source "ChessBase"]
[SourceQuality "1"]

{[%evp 12,103,51,-12,55,57,79,57,73,49,53,50,42,21,20,16,31,20,30,24,31,14,4,0,0,0,17,16,28,30,23,34,102,72,120,118,120,114,129,124,166,169,176,142,116,96,166,169,277,290,271,259,250,204,214,197,179,203,208,204,334,342,335,336,308,294,387,404,398,384,369,234,1287,1309,1262,1260,1207,1023,1003,1026,910,908,1112,1076,1054,967,909,601,5065,2784,1788,2111,12807,8447]} 1. e4 c5 2. c3 d5 3. exd5 Qxd5 4. d4 Nc6 5. Nf3 Bg4 6. Be2 e6 7. c4 {LiveBook: 5 Games} (7. h3 $14 Bxf3 8. Bxf3) 7... Qd6 {B22: Sicilian: 2 c3} (7... Qf5 $11) 8. d5 $14 exd5 9. cxd5 Bxf3 {White is slightly better.} 10. Bxf3 Nd4 11. Be3 (11. O-O Nf6 12. Nc3 Be7 13. Be3 Nxf3+ 14. Qxf3 O-O 15. Rad1 {½-½ (103) Dobrowolski,P (2421)-Kowalczyk,P (2387) Wroclaw 2017}) 11... Qe5 $146 ({Predecessor:} 11... Nxf3+ 12. Qxf3 Nf6 13. Nc3 Be7 14. O-O O-O 15. Rad1 a6 16. Bf4 Qd7 17. d6 Bd8 18. Rfe1 b5 19. Qxa8 {1-0 (19) Kelires,A (1881)-Globevnik,M Albena 2011}) 12. O-O {[#] Black must now prevent Bxd4.} Bd6 {[%csl Gd6][%cal Re5h2]} 13. g3 {aiming for Nd2.} Nxf3+ 14. Qxf3 {Hoping for Nc3.} Ne7 $1 15. Nc3 {[%cal Bb1c3,Bc3e4,Be4g5][%mdl 32]} O-O 16. Rfe1 {Black should prevent Nb5.} Qf5 $1 {[%cal Rf5f3]} 17. Qg2 b6 18. Ne4 Be5 19. f4 Bd4 $1 20. Bxd4 cxd4 21. Ng5 $36 {[%mdl 2048] White is more active.} Ng6 ({Better is} 21... h6 $14) 22. Qe4 Qd7 23. Qxd4 Rad8 24. Rad1 Rfe8 25. Rxe8+ Rxe8 26. d6 {[%cal Bd5d6,Bd6d7][%mdl 32]} Nf8 27. Qd5 Re2 28. Nf3 {[#] Ne5 is the strong threat.} h6 (28... Qh3 $16 29. Qxf7+ Kxf7 30. Ng5+ Ke8 31. Nxh3 Rxb2) 29. Rd2 $18 Re8 (29... Rxd2 $142 30. Qxd2 (30. Nxd2 Qe6 $16) 30... f6 31. Qd5+ Qf7) 30. Ne5 Qf5 31. d7 Rd8 32. Nc6 Qxd5 33. Rxd5 Rxd7 34. Rxd7 Nxd7 35. Nxa7 {[%mdl 4096] Endgame KN-KN} f5 (35... Nc5 {keeps fighting.} 36. Nc8 Nd7 37. Ne7+ Kf8) 36. Kf2 Kf7 37. Ke3 Ke6 38. Kd4 g5 39. Nc6 gxf4 40. gxf4 h5 41. b4 b5 $2 (41... Nf6 42. Kc4 Kd7) 42. Na7 {White is clearly winning.} Nf6 43. Nxb5 Nd5 44. Kc5 {And now Nd4+ would win.} Nxf4 45. Nd4+ Ke5 46. Nf3+ Ke6 47. b5 {[%cal Bb4b5,Bb5b6][%mdl 32]} Nd3+ 48. Kc4 Nb2+ 49. Kc3 Na4+ 50. Kb4 Nb6 51. Kc5 Nc8 52. b6 {Precision: White = 77%, Black = 45%.} 1-0

[Event "27th CRO-chT 1B-Men 2018"]
[Site "Biograd"]
[Date "2018.09.17"]
[Round "1"]
[White "Safar, Sandro"]
[Black "Bubalovic, Davorin"]
[Result "0-1"]
[WhiteElo "2214"]
[BlackElo "2206"]
[Annotator "TA"]
[PlyCount "92"]
[EventDate "2018.09.15"]
[EventType "team-tourn"]
[EventCountry "CRO"]
[SourceTitle "playchess.com"]
[Source "ChessBase"]
[SourceQuality "1"]

{[%evp 13,92,12,25,16,48,46,61,6,57,50,67,69,70,42,79,35,36,21,37,21,16,-3,-14,-5,2,-4,-3,-46,-39,-97,-78,-91,-89,-104,-44,-172,-102,-95,-86,-102,-108,-83,195,164,436,184,193,191,182,175,168,159,375,357,329,286,241,0,0,0,0,0,0,0,0,-1048,-1028,-1080,-877,-1234,-1222,-1121,-1152,-29975,-29975,-29986,-29987,-29987,-29986,-29987,-29988]} 1. d4 Nf6 2. Nf3 e6 3. Bf4 d5 4. e3 c5 5. c3 Nc6 6. Nbd2 Be7 7. Bd3 Qb6 8. Qc2 {D02: 1 d4 d5 2 Nf3 sidelines, including 2...Nf6 3 g3 and 2...Nf6 3 Bf4} Bd7 9. h3 Rc8 10. a3 (10. dxc5 $14 Qxc5 11. a3) 10... a5 $146 (10... c4 $11 11. Be2 h6) ({Predecessor:} 10... h6 11. O-O g5 {0-1 (23) Koggala,W (2026)-Nestorovic,N (2420) Zuerich 2010}) 11. O-O Nh5 12. Bh2 g6 13. Rad1 f5 14. Ne5 Nf6 15. Nxc6 Bxc6 16. Be5 O-O 17. f4 Nd7 18. Nf3 Bb5 19. g4 (19. Bxb5 {looks sharper.} Qxb5 20. a4 Qc6 21. Qe2 c4 22. Ra1) 19... Bxd3 20. Qxd3 cxd4 21. cxd4 (21. Bxd4 $15 Qxb2 22. Rb1 Qxa3 23. gxf5 Rxf5 24. Ra1) 21... Qxb2 $17 22. Rb1 Qxa3 23. Rb3 Qa2 ({Better is} 23... Qa4 $1 $17 {aiming for ...Qc6.} 24. gxf5 exf5 25. Rxb7 Qc6) 24. gxf5 {[#]} (24. Rxb7 $15 Nxe5 25. dxe5) 24... Nxe5 (24... Rc2 $1 $19 25. Rxb7 Rxf5) 25. dxe5 gxf5 26. Rxb7 Rf7 27. Qa6 Rc2 $2 {[%mdl 8192]} (27... Rg7+ 28. Ng5 $16) (27... Qc4 $17 {stays on course.} 28. Ra7 (28. Qxe6 $2 Rc6 $19) 28... Qxa6 29. Rxa6 Rg7+ 30. Kh1 Rc3) 28. Qxe6 {Black must now prevent Kh1.} ({Not} 28. Rb8+ Kg7 $11) 28... Rg2+ 29. Kh1 Qe2 30. Rg1 Rxg1+ 31. Nxg1 Qxe3 {[#] White should prevent ...Qe4+.} 32. Rb2 $1 {[%cal Rb2g2] White wants to mate with Rg2+.} (32. Rxe7 Qe4+ 33. Kh2 Qxf4+ 34. Kh1 Qe4+ 35. Kh2 Qf4+ 36. Kh1 Qe4+ 37. Kh2 Qf4+ $11) ({Worse is} 32. Qxd5 Qc5 $11) 32... Qc5 $2 (32... Qxf4 $16 33. Rg2+ Bg5) 33. Rg2+ $18 Kf8 34. Qh6+ Ke8 35. Rg8+ $2 (35. Qa6 $18 Bd8 36. Qe6+ Be7 37. Nf3 (37. Rg8+ Rf8 $16)) 35... Rf8 $11 36. Qh5+ Kd8 37. Rxf8+ Bxf8 38. Qxf5 a4 {[%cal Ba5a4,Ba4a3,Ba3a2][%mdl 32] ...a3 is the strong threat.} 39. Qg5+ $2 {[%mdl 8192]} (39. Nf3 $11) 39... Kc7 $19 40. e6 a3 41. Qe5+ Bd6 42. Qg7+ Kb6 43. Ne2 Qe3 {Black mates.} 44. Qg2 a2 45. Qf1 Qe4+ 46. Kg1 Qb1 {Precision: White = 43%, Black = 54%.} 0-1

[Event "27th CRO-chT 1B-Men 2018"]
[Site "Biograd"]
[Date "2018.09.17"]
[Round "1"]
[White "Malenica, Mario"]
[Black "Vrban, Mladen"]
[Result "1/2-1/2"]
[WhiteElo "2212"]
[BlackElo "2280"]
[Annotator "TA"]
[PlyCount "57"]
[EventDate "2018.09.15"]
[EventType "team-tourn"]
[EventCountry "CRO"]
[SourceTitle "playchess.com"]
[Source "ChessBase"]
[SourceQuality "1"]

{[%evp 21,57,-54,-41,-87,-76,-76,-43,-23,8,9,12,-14,-4,-6,0,-2,12,12,15,0,22,28,52,54,60,17,60,59,44,26,25,0,54,0,16,0,23,0]} 1. c4 f5 2. Nc3 Nf6 3. Nf3 d6 4. d3 e5 5. g3 g6 6. Bg2 Bg7 7. O-O O-O 8. Bg5 h6 9. Bxf6 Qxf6 10. Rb1 c6 11. Nd2 Be6 {LiveBook: 5 Partien. A21: Englische Eröffnung} 12. Na4 $146 ({Vorgänger:} 12. e3 Nd7 13. b4 e4 14. d4 c5 15. bxc5 dxc5 16. Nb5 cxd4 17. exd4 Bf7 18. d5 Rfc8 19. Na3 {0-1 (37) Potapov,A (2389)-Bortnyk,O (2552) Minsk 2015}) 12... Nd7 13. b4 Rab8 {Schwarz steht besser.} 14. b5 c5 15. Nc3 Nb6 {[%cal Bd7b6,Bb6c8,Bc8e7,Be7g8,Bg8f6][%mdl 32]} 16. Nd5 Qf7 {[%cal Rb6d5]} 17. Qb3 Kh7 18. a4 {[%cal Ba2a4,Ba4a5][%mdl 32]} Nc8 19. a5 Ne7 20. Qa2 Ng8 21. e3 g5 22. b6 a6 23. Nc7 Nf6 24. Rbe1 Bd7 25. Nd5 Be6 26. Nc7 Bd7 $1 27. Nd5 Be6 28. Nc7 Bd7 29. Nd5 {Precision: Weiß = 62%, Schwarz = 54%.} 1/2-1/2

[Event "27th CRO-chT 1B-Men 2018"]
[Site "Biograd"]
[Date "2018.09.15"]
[Round "1.1"]
[White "Livaic, Leon"]
[Black "Sedlak, Nikola"]
[Result "0-1"]
[WhiteElo "2483"]
[BlackElo "2587"]
[Annotator "TA"]
[PlyCount "86"]
[EventDate "2018.09.15"]
[EventType "team-tourn"]
[EventCountry "CRO"]
[SourceTitle "playchess.com"]
[Source "ChessBase"]
[SourceQuality "1"]

{[%evp 21,86,33,26,33,47,48,33,39,46,28,38,32,29,23,36,14,32,0,0,-25,-12,-18,0,-8,0,-32,-31,-33,-20,-22,-15,-19,-6,-15,-1,-16,-22,-53,-48,-139,-130,-162,-131,-153,-125,-126,-125,-131,-125,-327,-327,-326,-323,-318,-318,-318,-311,-346,-320,-477,-410,-1178,-1180,-5569,-5389,-6287,-5565]} 1. d4 e6 2. c4 Bb4+ 3. Nd2 b6 4. a3 Bxd2+ 5. Qxd2 Bb7 6. Nf3 Nf6 7. e3 O-O 8. Be2 d6 9. O-O Nbd7 10. b4 Qe7 11. Bb2 a5 12. Qc2 {E14: Queen's Indian: Classical Variation (4 e3)} Be4 13. Qc3 {[#]} Rfc8 $146 ({Predecessor:} 13... Bb7 14. Nd2 axb4 15. axb4 c5 16. Rxa8 Rxa8 17. Ra1 Qd8 18. f3 h6 19. e4 Rxa1+ 20. Bxa1 {1-0 (44) Cheparinov,I (2678)-Akopian,V (2691) Khanty-Mansiysk 2013}) 14. Nd2 {White is slightly better.} Bb7 15. f3 c5 16. dxc5 dxc5 17. bxa5 Rxa5 18. Rfd1 Bc6 19. Nb3 Raa8 20. Rd2 Ne8 21. Rad1 Rd8 22. Bd3 f6 23. Qc2 Nf8 24. Be4 Rxd2 25. Rxd2 Bxe4 26. Qxe4 Rd8 27. Qc2 Rd6 28. Qd1 Qd7 29. Qc2 Qa4 {[#] Threatens to win with ...Rxd2.} 30. Qc3 (30. Nc1 $15 Qxc2 31. Rxc2) 30... Ng6 $17 31. f4 Nh4 32. e4 Rxd2 33. Nxd2 Qd1+ 34. Kf2 Nd6 $36 {[%mdl 2048] Hoping for ...Qxd2+! Black is in control.} 35. g3 $2 {[#]} (35. e5 $17 fxe5 36. fxe5) 35... Qxd2+ $1 $19 {[%mdl 512]} 36. Qxd2 Nxe4+ 37. Ke3 Nxd2 38. Kxd2 {[%mdl 4096] Endgame KB-KN} Nf3+ 39. Kc3 Nxh2 40. Kb3 (40. a4 {is a better defense.}) 40... Nf3 41. Ka4 (41. Kc3 $142 e5 42. Kd3) 41... Nd4 {Black is clearly winning.} 42. Bxd4 cxd4 43. c5 bxc5 {Precision: White = 33%, Black = 71%.} 0-1

[Event "27th CRO-chT 1B-Men 2018"]
[Site "Biograd"]
[Date "2018.09.15"]
[Round "1.2"]
[White "Nemeth, Miklos"]
[Black "Plat, Vojtech"]
[Result "1-0"]
[WhiteElo "2477"]
[BlackElo "2540"]
[Annotator "TA"]
[PlyCount "91"]
[EventDate "2018.09.15"]
[EventType "team-tourn"]
[EventCountry "CRO"]
[SourceTitle "playchess.com"]
[Source "ChessBase"]
[SourceQuality "1"]

{[%evp 21,91,83,95,81,104,94,79,86,76,80,114,114,127,83,85,102,107,103,112,110,114,44,75,45,54,37,40,40,55,33,30,22,100,56,50,61,105,52,44,56,68,57,57,60,75,77,135,135,135,137,145,154,145,103,97,101,244,236,270,284,439,444,605,514,1580,434,433,419,339,332,414,377]} 1. e4 e5 2. Nf3 Nc6 3. Bc4 Bc5 4. O-O d6 5. c3 Nf6 6. d3 O-O 7. Nbd2 {[%cal Bb1d2,Bd2e4,Be4g3][%mdl 32]} d5 8. exd5 Nxd5 9. Re1 Bg4 10. h3 Bh5 11. Ne4 Be7 12. Ng3 {C55: Zweispringerspiel} Bg6 13. Nxe5 Nxe5 14. Rxe5 {Weiß steht besser.} Nb6 15. Bb3 Bf6 16. Re3 c5 17. Bc2 $146 ({Vorgänger:} 17. Ne4 Be7 18. Re1 Kh8 19. Qf3 f5 {1-0 (48) Koukoufikis,G (2188)-Papageorgiou,I (1819) Aghios Kirykos 2006}) 17... Qd7 18. Nh5 Bg5 19. Re1 Bxc1 20. Rxc1 Qb5 21. b3 ({Günstiger ist} 21. Rb1 $16) 21... Qa5 $14 22. Bb1 Nd5 23. Ng3 Rad8 24. Qd2 b5 25. f4 Qc7 $1 26. Rf1 Rfe8 (26... c4 $1 $11 {bleibt in der Remisbreite.}) 27. Rf3 {[#] zielt auf f5 ab.} f6 28. Qf2 Nb6 29. Re1 (29. c4 $16) 29... Rxe1+ 30. Qxe1 Re8 31. Qd2 Qd6 32. Bc2 a5 33. Qf2 Qc6 ({Besser ist} 33... c4) 34. c4 $16 bxc4 35. dxc4 a4 36. Bxg6 hxg6 37. Rd3 axb3 38. axb3 f5 {[#]} (38... Nc8 $16 {ist eine bessere Verteidigung.} 39. Rd5 Qb7) 39. Qd2 $1 $18 Re6 40. Nf1 Qc7 (40... Nc8 $142 41. Rd8+ Kf7) 41. Nh2 Re4 42. Nf3 {Droht stark Td8+.} Rxf4 (42... Re8 $142 43. Rd6 Nc8) 43. Ng5 (43. Rd8+ $142 Kf7 44. Ng5+ Ke7 45. Rg8 (45. Qe3+ Re4 $18)) 43... Rd4 44. Rxd4 cxd4 45. Qxd4 {Schwarz muss nun Se6 beachten.} Qe7 46. h4 {Precision: Weiß = 70%, Schwarz = 46%.} ({Weniger gut wäre} 46. Qxb6 Qxg5 47. Qd4 Qg3 $18) 1-0

[Event "27th CRO-chT 1B-Men 2018"]
[Site "Biograd"]
[Date "2018.09.17"]
[Round "1.3"]
[White "Zilka, Stepan"]
[Black "Krstic, Uros"]
[Result "1-0"]
[WhiteElo "2521"]
[BlackElo "2364"]
[Annotator "TA"]
[PlyCount "129"]
[EventDate "2018.09.15"]
[EventType "team-tourn"]
[EventCountry "CRO"]
[SourceTitle "playchess.com"]
[Source "ChessBase"]
[SourceQuality "1"]

{[%evp 15,129,28,33,28,30,28,37,34,75,69,79,78,77,75,75,58,62,31,43,30,37,40,36,43,42,19,51,56,87,70,73,56,52,54,43,49,106,93,127,127,127,122,122,122,122,120,169,94,170,134,105,112,166,162,199,199,199,199,199,199,199,199,199,199,198,199,197,169,214,189,233,232,244,233,300,288,293,286,296,268,274,234,286,284,302,282,618,568,568,545,550,553,354,357,331,8,530,480,1792,459,2637,2437,29981,29983,29989,29990,29992,29993,29993,29994,29994,29995,29995,29996,29996,29997]} 1. e4 e5 2. Nf3 Nc6 3. Bc4 Nf6 4. d3 Be7 5. O-O O-O 6. Re1 d6 7. a4 Be6 8. Nbd2 Qd7 {LiveBook: 106 Games} 9. Bxe6 {C55: Two Knights: 4 d3, 4 d4 exd4 5 e5 and Max Lange Attack} (9. a5 a6 10. Bb3 Bxb3 11. Nxb3 d5 12. exd5 Qxd5 13. c4 Qd6 14. Be3 Qd7 15. d4 exd4 16. Nfxd4 Bb4 17. Rf1 Rfe8 {1-0 (38) Hector,J (2556)-Grandelius,N (2658) Lund 2018}) 9... fxe6 $146 ({Predecessor:} 9... Qxe6 10. Nf1 Rfe8 11. Ne3 Bf8 12. c4 Ne7 13. Nd5 Nfxd5 14. cxd5 Qd7 15. b4 c6 16. dxc6 Nxc6 {1-0 (56) Sagit,R (2459)-Jonsson,M (2336) Sweden 2009}) 10. Nc4 Rae8 11. c3 {White is slightly better.} Kh8 12. b4 Bd8 13. Be3 a6 14. h3 Ne7 15. Ncd2 Ng6 16. g3 h6 17. a5 Be7 18. Qa4 c6 19. Qd1 d5 20. Kg2 d4 21. cxd4 exd4 22. Nxd4 Bxb4 23. Nc2 Bxd2 $1 24. Qxd2 ({Much worse is} 24. Bxd2 Ne5 $11) 24... Ne5 25. Red1 Rd8 (25... Nf3 $1 $14 26. Qb4 e5) 26. Qe2 Qe8 27. Bb6 Rd7 28. Bc5 Rg8 29. f4 Nf7 30. Ne3 Kh7 31. Rf1 (31. Nc4 $18) 31... Qd8 (31... e5 $16 {was necessary.}) 32. Bb6 $36 {[%mdl 2048] Keeping Black busy.} Qe7 33. Nc4 c5 (33... e5 $16) 34. Ne5 $18 Nxe5 35. fxe5 Ne8 36. Rac1 Nc7 37. Bxc5 Qg5 38. d4 Nb5 39. Rc4 Rgd8 {[%cal Rb5d4]} 40. h4 Qg6 {[%cal Rb5d4]} 41. Qe3 Rf7 42. Rcc1 Rxf1 43. Rxf1 ({But not} 43. Kxf1 $6 Qf7+ 44. Kg2 Ra8) 43... Kg8 44. Kh3 h5 45. Rf4 Kh7 46. Kh2 Rd7 47. Qf2 Rd8 48. Qb2 Kg8 49. Qb4 Kh7 50. Qc4 Qe8 $2 {[#]} (50... Re8 51. Kg2 Qh6) 51. Rf8 Qd7 {With the idea ...Rxf8.} 52. Rxd8 Qxd8 53. Qxe6 Qxa5 54. Qf5+ Kg8 55. Qxh5 $2 {[#]} ({Better is} 55. Qf8+ $18 Kh7 56. Qf2) 55... Qd2+ $2 {[%mdl 8192]} (55... b6 $1 $11) 56. Kh3 Nxd4 (56... Qd3 $142 57. e6 Qf1+ 58. Kg4 Qe2+ 59. Kg5 Qe3+ 60. Kg6 Qxg3+ 61. Qg5 Qb8) 57. Qe8+ Kh7 58. Qd7 Nb3 59. Qf5+ {White mates.} Kh8 60. e6 {[%cal Be5e6,Be6e7][%mdl 32]} Qd1 61. e7 {[%cal Re7e8]} Qh1+ 62. Kg4 {[%cal Re7e8]} Qd1+ 63. Kg5 {[%cal Re7e8]} Qc1+ 64. Kg6 {[%cal Re7e8]} Qh6+ 65. Kf7 {Precision: White = 71%, Black = 47%.} 1-0

[Event "27th CRO-chT 1B-Men 2018"]
[Site "Biograd"]
[Date "2018.09.15"]
[Round "1.4"]
[White "Vernacki, Srdjan"]
[Black "Rogulj, Branko"]
[Result "1/2-1/2"]
[WhiteElo "2357"]
[BlackElo "2404"]
[Annotator "TA"]
[PlyCount "158"]
[EventDate "2018.09.15"]
[EventType "team-tourn"]
[EventCountry "CRO"]
[SourceTitle "playchess.com"]
[Source "ChessBase"]
[SourceQuality "1"]

{[%evp 24,158,-8,-13,-9,-17,0,0,0,0,0,0,20,27,24,7,26,13,15,19,123,128,127,121,131,130,111,122,112,119,143,135,271,244,397,383,393,383,385,377,385,364,369,356,358,338,310,310,310,115,310,310,291,8,240,243,238,0,287,133,256,115,107,81,81,81,145,121,162,174,156,147,158,93,365,218,232,214,447,433,420,244,229,151,251,133,26,8,247,254,299,279,283,285,219,148,149,149,152,148,293,189,291,288,276,258,309,269,402,174,391,395,377,0,227,219,253,149,137,155,191,190,335,323,308,253,494,0,227,56,128,0,0,0,0,0,0]} 1. Nf3 Nf6 2. g3 c5 3. Bg2 Nc6 4. O-O g6 5. d3 Bg7 6. e4 O-O 7. Nc3 d6 8. h3 Rb8 9. a4 a6 10. Be3 b5 11. axb5 axb5 12. Qd2 b4 13. Nd1 {LiveBook: 4 Games. B25: Closed Sicilian: 3 g3, lines without early Be3} (13. Ne2 Bb7 14. Bh6 Ra8 15. Rab1 e6 16. Rfe1 Qc7 17. Qe3 Rfe8 18. Bxg7 Kxg7 19. g4 Nd7 20. Ng3 Ra2 {½-½ (101) Inarkiev,E (2684)-Van Wely,L (2676) Dagomys 2008}) 13... e5 14. Bh6 $146 ({Predecessor:} 14. c3 Na5 15. Qe2 Nb3 16. Ra2 Be6 17. c4 h6 18. Kh2 Qb6 19. Nh4 Ra8 20. Rxa8 Rxa8 {1-0 (57) Portenier,J-Ujhazi,I Caorle 1984}) 14... Nd4 15. Bxg7 Kxg7 16. Nxd4 cxd4 17. b3 Bb7 18. Nb2 d5 {[%cal Rd5e4]} 19. exd5 Bxd5 20. Nc4 Bxc4 21. bxc4 Nd7 (21... Re8 $11 {remains equal.}) 22. Rfb1 $1 $16 Qe7 23. Ra4 b3 24. Rxb3 (24. cxb3 $6 Nc5 $11) 24... Rxb3 25. cxb3 Nc5 26. Rb4 $1 Qa7 {...Qa1+ is the strong threat.} 27. Rb5 Qa1+ (27... Re8 $16 28. b4 Qa1+ 29. Bf1 Nb3) 28. Bf1 $1 $18 Qc3 $2 (28... Rc8 29. b4 Nd7) 29. Qe2 Nxb3 30. Qxe5+ Kg8 31. h4 h5 32. Rb8 Rxb8 33. Qxb8+ Kg7 34. Qe5+ Kg8 35. Qe8+ Kg7 36. Qe2 $2 (36. Bg2 $18 {and White stays clearly on top.} Qxd3 37. Qe5+ Kh7 38. Bd5 Qb1+ 39. Kg2) 36... Qa5 $2 (36... Kf8 $16 {is a better defense.} 37. Qe5 Nd2) 37. Bg2 Qf5 38. Qe4 $2 (38. Qe7 $1 $18) 38... Qf6 $2 (38... Qxe4 $11 39. dxe4 (39. Bxe4 Nc5 $11) 39... d3) 39. Qd5 Qe7 40. Qe4 $2 (40. Kh2 $18) 40... Qd6 $2 {[%mdl 8192]} (40... Qf6 $11) 41. Qe8 $1 Nc5 (41... Qe6 $16 {was called for.} 42. Qxe6 fxe6) 42. Qe2 (42. Bd5 $1 $18) 42... Qf6 $16 43. f4 {[%cal Bf2f4,Bf4f5][%mdl 32]} Kf8 44. Be4 Qb6 (44... Qd6 $142) 45. f5 $1 Qd6 46. Kg2 Kg7 47. Qf3 Nd7 48. Qf4 ({Better is} 48. fxg6 fxg6 49. Ba8) 48... Ne5 $2 {[%mdl 8192]} (48... Qxf4 $16 49. gxf4 Kf6) 49. Bd5 (49. fxg6 $142 fxg6 50. Bd5) 49... gxf5 $18 50. Qxd4 f6 $2 (50... Qe7 51. Bf3 Kg6) 51. Qa7+ $1 Kh6 52. d4 (52. Bg8 $142 {[%csl Gg8][%cal Ra7h7]} Nd7 53. Qe3+ Kg7 54. Qe6) 52... Ng6 {intending ...f4.} 53. Qc5 Qa6 (53... Qb8 $16) 54. Bf3 (54. Qc6 $1 $18 {[%cal Rc6a6]} Qa2+ 55. Kh3) 54... Qa2+ $16 55. Kf1 {Strongly threatening Be2.} Qb1+ $2 (55... Qc2 $11 {and Black has nothing to worry.}) 56. Kf2 $1 $18 Qc2+ 57. Be2 Qd2 {and the idea ...f4 leaves Black hopeful.} 58. Qd6 $1 {[%cal Rd6f6]} (58. Qxf5 $6 Qxd4+ 59. Kg2 Kg7 $18) 58... Kg7 59. Qd7+ Kh6 60. Qxf5 Qxd4+ 61. Kg2 Qd2 (61... Kg7 $16 62. Bxh5 (62. Qxh5 Ne5 $18) 62... Ne5) 62. Qxh5+ Kg7 {If Black can now play ...Ne5 this consolidates a bit.} 63. Qg4 f5 64. Qf3 ({And not} 64. Qxf5 Qxe2+ 65. Kh3 Qxc4 $11) 64... Ne5 65. Qf2 ({Stronger than} 65. Qxf5 Qxe2+ 66. Kh3 Nf3 $11) 65... Qc2 (65... Kf6 {was necessary.} 66. g4 Kg7 67. gxf5 Kf6) 66. c5 (66. Qe3 $142 Kf6 67. c5) 66... Qe4+ $2 (66... Qd2 {might work better.} 67. Kg1 Kf6) 67. Bf3 Qc4 68. Be2 Qe4+ 69. Kg1 Kf6 70. h5 (70. Kh2 $18) 70... Kg7 $16 71. Kh2 Qc2 {And now ...Ng4+ would win.} 72. Kg2 Qe4+ (72... Qd2 $142 73. Kh3 Qd5) 73. Bf3 $18 Qc4 74. Qe3 Qc2+ $2 (74... Nxf3 75. Kxf3 Qf1+ 76. Qf2 Qh1+ 77. Ke3 Qe4+ 78. Kd2 Qb4+ 79. Kd3 Qb5+ 80. Kd4 Qb4+ 81. Kd5 Qb3+ 82. Kd4 Qb4+ 83. Kd5 Qe4+ 84. Kd6 Qd3+ 85. Kc7 Kh6 86. Qf4+ Kxh5) 75. Qf2 $2 ({White must play} 75. Be2 $18 Kf6 76. Kh3) 75... Qc3 $2 {[#]} (75... Qc4 $11) 76. c6 $2 (76. Bd1 $1 $18) 76... Nxc6 $14 {[#]} 77. Bxc6 (77. Bd5 $1 $16 Ne7 78. Bf3) 77... Qxc6+ $11 {The position is equal.} 78. Qf3 Qc2+ 79. Kh3 {aiming for Qb7+.} Kh6 {Precision: White = 51%, Black = 37%.} 1/2-1/2